Lectures on the Mordell-Weil Theorem

Salvato in:
Dettagli Bibliografici
Autore principale: Serre, Jean-Pierre (Autore)
Natura: Libro
Lingua:inglese
Pubblicazione: Brunswick Springer Fachmedien Wiesbaden 1997
Edizione:3a. ed
Serie:Aspects of Mathematics
Soggetti:
Tags: Aggiungi Tag
Nessun Tag, puoi essere il primo ad aggiungerne!!

MARC

LEADER 00000cam a2200000 a 4500
001 UCE0063
003 CL-VaPUC
008 140103e19970000gw |||||||||||||||||eng|d
020 |a 9783663106340 
082 0 4 |a 516.352  |b SER  |2 21 
100 0 |a Serre, Jean-Pierre  |e author  |9 572482 
245 1 0 |a Lectures on the Mordell-Weil Theorem 
250 |a 3a. ed 
300 |a 218 p 
942 |c BK 
945 |d 20140103 12:15:00  |a cmena 
260 |a Brunswick  |b Springer Fachmedien Wiesbaden  |c 1997 
650 0 |a Geometría analítica   |9 260062 
650 0 |a Geometría algebraica  |9 270327 
650 7 |a TEORIA DE CURVAS  |2 CL-VaPUC  |9 572483 
583 |a last modification  |c 20140103 12:15:00  |k Rodrigo Vera 
490 0 |a Aspects of Mathematics 
999 |c 354384  |d 354382 
952 |0 0  |1 0  |3 erb  |4 0  |6 516_352000000000000_SER_1997  |7 0  |8 A  |9 460204  |a BIBMAT  |b BIBMAT  |i 5042097  |o 516.352 SER 1997  |p 5042097  |r 2025-01-07  |w 2019-11-23  |y BK  |z Catalogado en:20140103  |k MAT